Statistics for Kamen Rider Fourze - Astro Switches

Click here to take the quiz!

General Stats

  • This quiz has been taken 4 times
  • The average score is 14 of 43

Answer Stats

Switch NumberAnswer% Correct
1Rocket
100%
10Elec
100%
3Drill
100%
40Cosmic
100%
20Fire
100%
31S Magnet
50%
30N Magnet
50%
19Gattling
50%
11Scissors
50%
EXFusion
50%
6Camera
50%
7Parachute
50%
9Hopping
25%
12Beat
25%
S-3Super Drill
25%
S-1Super Rocket
25%
4Radar
25%
39Stamper
25%
37Gyro
25%
35Giant Foot
25%
34Board
25%
32Freeze
25%
5Magic Hand
25%
29Scoop
25%
22Hammer
25%
17Flash
25%
13Chain Array
25%
23Water
25%
2Launcher
25%
15Spike
25%
16Winch
25%
8Chainsaw
25%
25Pen
25%
26Wheel
0%
14Smoke
0%
38Net
0%
18Shield
0%
36Aero
0%
33Claw
0%
21Stealth
0%
24Medical
0%
28Hand
0%
27Screw
0%

Score Distribution

Percentile by Number Answered

Percent of People with Each Score

Your Score History

You have not taken this quiz